000 00387nam a2200157Ia 4500
008 230711s9999||||xx |||||||||||||| ||und||
041 _aENG
082 _a670
_bKA-M
100 _aKalpakjian,Schmid
245 0 _aManufacturing engineering and technology
250 _a4th Ed.
260 _c2006
_aNew Delhi
_bPearson
300 _a1167
650 _aMechanical Engineering
942 _cBK
999 _c4667
_d4667